| 000 | 00374 a2200121 4500 | ||
|---|---|---|---|
| 001 | ART_11714 | ||
| 005 | 20260410161859.0 | ||
| 008 | 260409a | ||
| 245 | 1 | 0 | _aThe effects of urban transportation changes |
| 100 | 1 | _aArnott, Richard J. | |
| 700 | 1 | _aMac Kinnon, James G. | |
| 773 | 0 |
_tJournal of public economics _g- Vol. 8, NÂș 1 (ago. 1977) _wREV11485 |
|
| 999 |
_c25765 _d25765 |
||